LIBRARY & INFORMATION CENTRE, KCAET, TAVANUR

ONLINE PUBLIC ACCESS CATALOGUE (OPAC)

Development and performance evaluation of a banana chipper (Record no. 15065)

MARC details
000 -LEADER
fixed length control field 00707nam a22001817a 4500
003 - CONTROL NUMBER IDENTIFIER
control field OSt
088 ## - REPORT NUMBER
Report number P 62
100 ## - MAIN ENTRY--AUTHOR NAME
Personal name FELIX JOHN
-- RAJASREE MADHAVAN
245 ## - TITLE STATEMENT
Title Development and performance evaluation of a banana chipper
260 ## - PUBLICATION, DISTRIBUTION, ETC. (IMPRINT)
Place of publication Tavanur 1997
Name of publisher Department of Post Harvest Technology & Agricultural Processing
300 ## - PHYSICAL DESCRIPTION
Number of Pages 49
500 ## - GENERAL NOTE
General note Development and performance evaluation of a banana chipper
520 ## - SUMMARY, ETC.
Summary, etc to develop a mechanical banana chipper, evaluate the performance of the machine and compare with manual chipping
700 ## - ADDED ENTRY--PERSONAL NAME
Personal name Er. Prince M. V
856 ## - ELECTRONIC LOCATION AND ACCESS
Uniform Resource Identifier https://drive.google.com/open?id=1OmNx_ENs_TKbXqvfV21iLDl7Xc33QQFg
942 ## - ADDED ENTRY ELEMENTS (KOHA)
Koha item type Project Report
Holdings
Collection code Home library Current library Shelving location Full call number Accession Number Koha item type
Reference KAUAET KAUAET Reference 631.56 FEL/DE P 62 Project Report
free website counter